Scams J-Drama Multiple Choice Quiz - Statistics

General Stats
  • This quiz has been taken 3 times
  • The average score is 3 of 15
Answer Stats
Question Answer % Correct
What are the above eating when Kusano first meets them? Shellfish
67%
What are Kusano and his mother doing when the police come to arrest him? Baking a cake
33%
Kusano's father gets cancer in which body part? Eye
33%
What password did Kusano use for his laptop, allowing his mother to easily get into it? His birthday
33%
Who is the source of the M registry? Kusano's mother
33%
How does Kusano prevent leaving fingerprints on the ATM he steals from? Paints his fingers with clear nail top coat
33%
How does Onuma kill Kurusu? Ties him up and pushes him into a river
33%
Where does Kusano store the money he earns from scamming? Under his bed
33%
Which animal is on the back of Onuma's jacket? A bird
0%
What does Misaki's grandmother use to stop Goriki when he breaks into her house? A stun gun
0%
What does the elderly man whose house Kusano's mother works in do to her? Gropes her
0%
Misaki runs away with what possession of Kusano's, causing Goriki to chase after her? His laptop
0%
Who's friends were responsible for the house robberies of the people in the M registry? Kurusu's
0%
What saves Kusano from going to prison? Misaki rescinds her testimony
0%
Dokugawa and Kanbe are implied to die after what happens? They are hit by a van
0%
No matching quizzes found
Score Distribution
Percent of People with Each Score
Percentile by Number Answered
Your Score History
You have not taken this quiz